000 00517nam a2200193Ia 4500
005 20250508150235.0
008 008 250505s9999 xx 000 0 eng d
037 _aTextual
040 _aFEDL
_beng
_cFEDL
041 _aeng
_2eng
084 _a370.4, WIL
_qFEDL
100 _aWilson Richard
245 0 _aDiscussing education
260 _aNew York, USA
_bThomas Nelson and Sons Ltd.
_c1943
300 _a215p.
650 _aEducation
942 _cTEXL
_h370.4, WIL
999 _c1322579
_d1322579